Представление документа в формате MARC21

Поле Инд. ПП Название Значение
Тип записи a
Библиографический уровень m
001 Контрольный номер 07e084057ea64df3bc1788973e1cb1cd
005 Дата корректировки 20200520134510.9
008 Кодируемые данные 150521|||||||||ru |||||||||||||||||rus||
020 a ISBN 978-5-8072-0112-6
041 0_ a Код языка текста rus
084 a Индекс другой классификации/Индекс ББК 67.404.213.11
090 a Полочн. индекс 67.404.213.11
x Авторский знак К 57
245 10 a Заглавие Кодекс торгового мореплавания Российской Федерации
b Продолж. заглавия [федер. закон от 30 апр. 1999 г. № 81-ФЗ] : нач. действия ред. 01 янв. 2015 г.
260 a Место издания Санкт-Петербург
b Издательство ЦНИИМФ
c Дата издания 2015
300 a Объем 230 с.
650 04 a Основная рубрика Кодекс торгового мореплавания Российской Федерации
653 0_ a Ключевые слова Аварии
a Ключевые слова Арест судов
a Ключевые слова Договоры морские
a Ключевые слова Затонувшее имущество
a Ключевые слова Кодекс торгового мореплавания
a Ключевые слова Кодексы
a Ключевые слова Морские лоцманы
a Ключевые слова Перевозки пассажирские
a Ключевые слова Применимое право
a Ключевые слова Регистрация судов
a Ключевые слова Суда морские
a Ключевые слова Флаг судна
a Ключевые слова Экипаж судна
900 a Имя макрообъекта Кодекс торгового мореплавания Российской Федерации
901 t Тип документа m